| 000 | 01899cam a2200505 a 4500 | ||
|---|---|---|---|
| 001 | 20466 | ||
| 003 | VRT | ||
| 005 | 20260122143833.0 | ||
| 008 | 240226s1999 xo gr 000 p slo | ||
| 015 | _aSNBA2004/03-02112 | ||
| 020 | _a8088834473 | ||
| 035 | _aSNK000406354 | ||
| 035 | _aurn:nbn:sk:snk-am3iwjj | ||
| 035 | _aEE125CC4-82B5-45D1-9242-F1C82710844B | ||
| 035 | _aurn:nbn:sk:snk-am00g566 | ||
| 039 | 9 |
_a202402261925 _bVLOAD _c202205120806 _dVLOAD _c202201070905 _dVLOAD _c202201051645 _dVLOAD |
|
| 040 |
_aSNK _bslo _aSNK _eAACR2 |
||
| 041 | 1 |
_aslo _hger |
|
| 044 |
_axo _cSK |
||
| 072 | 7 |
_a821.112.2-1 _xNemecká poézia, nemecky písaná _2konspekt |
|
| 080 |
_a821.112.2-1 _22011 |
||
| 080 |
_a(082.21) _22011 |
||
| 100 | 1 |
_aHölderlin, Friedrich, _d1770-1843 _4aut |
|
| 245 | 1 | 0 |
_aNemecko _bvýber _cJohann Christian Friedrich Hölderlin, Heinrich Heine ; preložili: M. M. Dedinský, Július Lenko |
| 250 | _a[1. vydanie] | ||
| 260 |
_aRohovce _bInterpopulart Slovakia _c[1999] |
||
| 300 |
_a114 strán _c22 cm |
||
| 490 | 1 | _aPopulart. Nemecká romantická poézia | |
| 490 | 1 |
_aŠtudentská knižnica _v48. |
|
| 500 | _aPravdepodobne preložené z nemčiny | ||
| 655 | 7 |
_anemecká poézia _2SNKPH |
|
| 655 | 7 |
_avýbery _2SNKPH |
|
| 700 | 1 |
_aHeine, Heinrich, _d1797-1856 _4aut |
|
| 700 | 1 |
_aMittelmann-Dedinský, Móric, _d1914-1989 _4trl |
|
| 700 | 1 |
_aLenko, Július, _d1914-2000 _4trl |
|
| 830 | 0 |
_aPopulart _pNemecká romantická poézia |
|
| 830 | 0 | _aŠtudentská knižnica | |
| 910 | _asnk | ||
| 942 |
_2ddc _cKLDO _n0 |
||
| 949 |
_63912001873 _aknkjsdo/B _bknkjs2008/260604 |
||
| 949 |
_63912001874 _aknkjsdo/B _bknkjs2008/245643 |
||
| 949 |
_6270001000003169 _asvkbbA 94668 _bsvkbbm 613244 _p613.244 |
||
| 949 |
_6270001000003171 _asvkbbA 94668 _bsvkbbm 612567 _p612.567 |
||
| 949 |
_617A0378277 _9P60, <03>, [BOOK], {603} _asnkSC 111085 _bsnkKSP 3898/2003 _s6100:20210419 |
||
| 999 |
_c20466 _d20466 |
||